00761nam a22002177a 450000500170000001000150001702000270003203500130005903700130007208200110008524500590009626000390015527000570019430000200025149000310027150000500030270000220035294200260037499900190040095201240041920160704115354.0 aENG-115365 a9788178441603c1875.00 aEN-98897 bDBAD/PUB a954.04 a Post-independence India /cedited by Muzaffar H. Syed aNew DelhibK.K. Publicationsc2014 a4806/24,Bharat Ram Road,DaryaganjbNew Delhie110002 a418p.c22cm(Hb) aHistory of Indian nation-4 aIncludes bibliographical references and index aSyed, Muzaffar H. 2ddccENmSYEh954.04  c101131d101131 001040718NFICaDBADbBNd2016-07-04eDBAD/PUBg1875.00l0o954.04 SYEpEN-98897r2016-07-04 00:00:00t1v1875.00yEN